000 00731 a2200193 4500
001 30194
005 20260407155613.0
008 260407a1968 arg spa d
003 AR-UNSa-BCEJYS
040 _aAR-UNSa-BCEJYS
_bspa
_cAR-UNSa-BCEJYS
080 _a657.474
_xTratamiento de los costos
245 1 0 _aContabilidad de costos
264 1 _aMéxico :
_bLimusa-Wiley
_c1968
300 _a195 p.
_c23 cm.
505 _a1. Costos predeterminados estimados - 2. Costos predeterminados estándar - 3. Costos de distribución - 4. Presupuestos - 5. Costeo directo - 6. Generalidades - 7. Caso práctico de integración presupuestal
942 _cBK
590 _aniveau_biblio:m niveau_hierar:0
100 1 _aReyes Perez, Ernesto
999 _c2049
_d2049